Statistics for World Capitals by Map

Click here to take the quiz!

General Stats

  • This quiz has been taken 68,872 times
    (65,544 since last reset)
  • The average score is 119 of 196

Answer Stats

Country Capital % Correct
United StatesWashington D.C.
97%
United KingdomLondon
96%
FranceParis
96%
MexicoMexico City
96%
RussiaMoscow
95%
SpainMadrid
94%
GermanyBerlin
93%
ItalyRome
93%
IrelandDublin
93%
ChinaBeijing
92%
CanadaOttawa
92%
JapanTokyo
92%
PortugalLisbon
92%
NorwayOslo
92%
BrazilBrasília
91%
SwedenStockholm
90%
IndiaNew Delhi
90%
GreeceAthens
89%
FinlandHelsinki
89%
EgyptCairo
89%
DenmarkCopenhagen
88%
PolandWarsaw
87%
ArgentinaBuenos Aires
87%
South KoreaSeoul
87%
AustraliaCanberra
87%
IcelandReykjavík
86%
UkraineKiev
86%
CubaHavana
85%
NetherlandsAmsterdam
85%
PeruLima
85%
South AfricaPretoria, Cape Town,
or Bloemfontein
84%
BelgiumBrussels
83%
ChileSantiago
83%
TurkeyAnkara
83%
AustriaVienna
82%
HungaryBudapest
82%
Czech RepublicPrague
81%
New ZealandWellington
81%
PanamaPanama City
80%
SwitzerlandBern
80%
ThailandBangkok
80%
IndonesiaJakarta
80%
Vatican CityVatican City
80%
ColombiaBogotá
79%
IranTehran
79%
TunisiaTunis
79%
IsraelJerusalem
79%
RomaniaBucharest
79%
North KoreaPyongyang
78%
IraqBaghdad
78%
PhilippinesManila
77%
BelarusMinsk
77%
LuxembourgLuxembourg
77%
LatviaRiga
76%
BulgariaSofia
76%
AlgeriaAlgiers
76%
VenezuelaCaracas
76%
San MarinoSan Marino
75%
MonacoMonaco
75%
UruguayMontevideo
75%
VietnamHanoi
74%
EstoniaTallinn
74%
PakistanIslamabad
74%
BoliviaLa Paz or Sucre
73%
MongoliaUlaanbaatar
72%
CroatiaZagreb
72%
SyriaDamascus
71%
SingaporeSingapore
71%
JamaicaKingston
71%
EcuadorQuito
71%
Saint Vincent and the GrenadinesKingstown
71%
Saudi ArabiaRiyadh
71%
MalaysiaKuala Lumpur
70%
United Arab EmiratesAbu Dhabi
70%
AfghanistanKabul
69%
LibyaTripoli
69%
KenyaNairobi
68%
Bosnia and HerzegovinaSarajevo
68%
MoroccoRabat
68%
LithuaniaVilnius
68%
TaiwanTaipei
67%
SerbiaBelgrade
67%
SlovakiaBratislava
67%
NepalKathmandu
66%
GuatemalaGuatemala City
66%
EthiopiaAddis Ababa
65%
AndorraAndorra la Vella
65%
KuwaitKuwait City
64%
ParaguayAsunción
64%
MaltaValletta
63%
El SalvadorSan Salvador
63%
LebanonBeirut
63%
HaitiPort-au-Prince
63%
SloveniaLjubljana
62%
LiechtensteinVaduz
62%
BangladeshDhaka
62%
KazakhstanNur-Sultan
62%
AzerbaijanBaku
61%
AlbaniaTirana
61%
JordanAmman
61%
BahamasNassau
60%
GuyanaGeorgetown
60%
Democratic Republic of the CongoKinshasa
58%
CyprusNicosia
58%
Costa RicaSan José
58%
YemenSana'a
58%
QatarDoha
58%
SenegalDakar
57%
North MacedoniaSkopje
57%
CambodiaPhnom Penh
57%
SomaliaMogadishu
57%
OmanMuscat
57%
GeorgiaTbilisi
57%
DjiboutiDjibouti
57%
KosovoPristina
56%
SudanKhartoum
56%
MoldovaChișinău
55%
Sierra LeoneFreetown
53%
MontenegroPodgorica
52%
Dominican RepublicSanto Domingo
52%
GhanaAccra
52%
NicaraguaManagua
52%
NigeriaAbuja
51%
Papua New GuineaPort Moresby
51%
ArmeniaYerevan
51%
MadagascarAntananarivo
51%
AngolaLuanda
51%
UzbekistanTashkent
51%
LaosVientiane
50%
SurinameParamaribo
50%
Republic of the CongoBrazzaville
50%
NamibiaWindhoek
50%
MaldivesMalé
49%
HondurasTegucigalpa
48%
Trinidad and TobagoPort-of-Spain
47%
BelizeBelmopan
47%
ZimbabweHarare
46%
São Tomé and PríncipeSão Tomé
45%
East TimorDili
45%
KyrgyzstanBishkek
45%
South SudanJuba
45%
BahrainManama
44%
TurkmenistanAshgabat
43%
SeychellesVictoria
43%
LiberiaMonrovia
43%
UgandaKampala
43%
Guinea-BissauBissau
42%
BhutanThimphu
42%
GabonLibreville
41%
MozambiqueMaputo
41%
ZambiaLusaka
41%
Sri LankaSri Jayawardenapura Kotte
40%
MaliBamako
40%
Antigua and BarbudaSaint John's
40%
FijiSuva
40%
BarbadosBridgetown
40%
TajikistanDushanbe
40%
Burkina FasoOuagadougou
39%
RwandaKigali
39%
EritreaAsmara
39%
ChadN'Djamena
39%
GrenadaSaint George's
38%
TogoLomé
38%
NigerNiamey
38%
TanzaniaDodoma
38%
BruneiBandar Seri Begawan
37%
BotswanaGaborone
37%
CameroonYaoundé
37%
Cape VerdePraia
37%
MauritiusPort Louis
37%
MyanmarNaypyidaw
37%
Central African RepublicBangui
36%
BeninPorto-Novo or Cotonou
36%
GuineaConakry
35%
SamoaApia
35%
GambiaBanjul
35%
MalawiLilongwe
34%
MauritaniaNouakchott
34%
Saint LuciaCastries
34%
DominicaRoseau
34%
Saint Kitts and NevisBasseterre
33%
VanuatuPort Vila
32%
ComorosMoroni
32%
Ivory CoastYamoussoukro
32%
EswatiniMbabane
31%
LesothoMaseru
31%
TuvaluFunafuti
30%
Equatorial GuineaMalabo
30%
Solomon IslandsHoniara
29%
NauruYaren
29%
BurundiGitega
28%
KiribatiSouth Tarawa
28%
TongaNukuʻalofa
27%
Federated States of MicronesiaPalikir
26%
PalauNgerulmud
26%
Marshall IslandsMajuro
25%

Score Distribution

Percentile by Number Answered

Percent of People with Each Score

Your Score History

You have not taken this quiz since the last reset